LEADER 02691nam 2200421 n 450 001 996392647303316 005 20221108083539.0 035 $a(CKB)4940000000108137 035 $a(EEBO)2240940980 035 $a(UnM)99862861 035 $a(EXLCZ)994940000000108137 100 $a19930225d1654 uy | 101 0 $aeng 135 $aurbn||||a|bb| 200 00$aJus divinum ministerii evangelici. Or The divine right of the Gospel--ministry$b[electronic resource] $e divided into two parts. The first part containing a justification of the Gospel-ministry in general. The necessity of ordination thereunto by imposition of hands. The unlawfulnesse of private mens assuming to themselves either the office or work of the ministry without a lawfull call and ordination. The second part containing a justification of the present ministers of England, both such as were ordained during the prevalency of episcopacy from the foul aspersion of anti-christianism: and those who have been ordained since its abolition, from the unjust imputation of novelty: proving that a bishop and presbyter are all one in Scripture; and that ordination by presbyters is most agreeable to the Scripture-patern. Together with an appendix, wherein the judgement and practice of antiquity about the whole matter of episcopacy, and especially about the ordination of ministers, is briefly discussed. Published by the Provincial Assembly of London 210 $aLondon, $cPrinted for G. Latham, J. Rothwell, S. Gellibrand, T. Vnderhill, and J. Cranford$d1654 215 $a[24], 192, [8], 149, [1] p 300 $aPartly by Edmund Calamy. 300 $aThe words "the Gospel-ministry .. and ordination." are bracketed together on title page. 300 $aEach part has separate pagination and dated title page, the first with "printed by Abraham Miller" in imprint, the second with "printed by J.L.". Part 2 begins on 2A1. 300 $aAnnotation on Thomason copy: "Febr. 7. 1653"; the 4 in the imprint date has been crossed out. 300 $aReproduction of the original in the British Library. 330 $aeebo-0018 606 $aPastoral theology$vEarly works to 1800 606 $aOrdination$vEarly works to 1800 606 $aClergy$xBiblical teaching$vEarly works to 1800 615 0$aPastoral theology 615 0$aOrdination 615 0$aClergy$xBiblical teaching 701 $aCalamy$b Edmund$f1600-1666.$01002065 801 0$bCu-RivES 801 1$bCu-RivES 801 2$bCStRLIN 801 2$bWaOLN 906 $aBOOK 912 $a996392647303316 996 $aJus divinum ministerii evangelici. Or The divine right of the Gospel--ministry$92312510 997 $aUNISA LEADER 04495nam 22006855 450 001 9910254683903321 005 20200705004111.0 010 $a3-319-19183-7 024 7 $a10.1007/978-3-319-19183-6 035 $a(CKB)3710000000471387 035 $a(EBL)4071634 035 $a(SSID)ssj0001583737 035 $a(PQKBManifestationID)16263916 035 $a(PQKBTitleCode)TC0001583737 035 $a(PQKBWorkID)14865717 035 $a(PQKB)10664361 035 $a(DE-He213)978-3-319-19183-6 035 $a(MiAaPQ)EBC4071634 035 $a(PPN)190523506 035 $a(EXLCZ)993710000000471387 100 $a20150903d2016 u| 0 101 0 $aeng 135 $aur|n|---||||| 181 $ctxt 182 $cc 183 $acr 200 10$aComorbid Conditions Among Children with Autism Spectrum Disorders /$fedited by Johnny L. Matson 205 $a1st ed. 2016. 210 1$aCham :$cSpringer International Publishing :$cImprint: Springer,$d2016. 215 $a1 online resource (327 p.) 225 1 $aAutism and Child Psychopathology Series,$x2192-922X 300 $aDescription based upon print version of record. 311 $a3-319-19182-9 320 $aIncludes bibliographical references at the end of each chapters and index. 327 $aPart 1. Overview.- Chapter 1. The History of Comorbidity in Autism Spectrum Disorders (ASD).- Chapter 2. Scope and Prevalence of the Problem.- Part 2. Assessment.- Chapter 3. Methods and Procedures for Measuring Comorbid Disorders: Psychological.- Chapter 4. Methods and Procedures for Measuring Comorbid Disorders: Medical.- Chapter 5. Methods and Procedures for Measuring Comorbid Disorders: Motor Movement and Activity.- Part 3. Psychological Disorders.- Chapter 6. Challenging Behaviors -- Chapter 7. Psychopathology.- Chapter 8. Feeding Disorders -- Chapter 9. Sleep Disorders.- Chapter 10. Epilepsy.- Chapter 11. Gastrointestinal.- Chapter 12. Intellectual Disability (ID).- Part 4. Motor Movement and Activity.- Chapter 13. Developmental Coordination Disorder (DCD). 330 $aThis book presents the similarities and intersections between Autism Spectrum Disorders and comorbid conditions in children. It describes the prevalence and magnitude of comorbid conditions occurring in conjunction with ASD that complicate diagnosis and can potentially lead to inappropriate treatment and negative outcomes. It addresses the strengths and limitations of age-appropriate assessment measures as well as activity and motor skill measurement methods. Specific comorbid disorders are examined through the review of core symptoms, prognostic and diagnostic issues, and treatment options for children on the ASD spectrum. Featured topics include: Challenging behaviors in children with ASD. Conditions ranging from feeding and gastrointestinal disorders to epilepsy. Developmental coordination disorder (DCD). Intellectual disability (ID). Methods and procedures for measuring comorbid psychological, medical, and motor disorders. < Comorbid Conditions Among Children with Autism Spectrum Disorders is a must-have resource for researchers, clinicians and professionals, and graduate students across such fields as clinical child, school, and developmental psychology, child and adolescent psychiatry, and social work as well as rehabilitation medicine/therapy, behavioral therapy, pediatrics, and educational psychology. 410 0$aAutism and Child Psychopathology Series,$x2192-922X 606 $aChild psychology 606 $aSchool psychology 606 $aPsychiatry 606 $aSocial work 606 $aChild and School Psychology$3https://scigraph.springernature.com/ontologies/product-market-codes/Y12040 606 $aPsychiatry$3https://scigraph.springernature.com/ontologies/product-market-codes/H53003 606 $aSocial Work$3https://scigraph.springernature.com/ontologies/product-market-codes/X21000 615 0$aChild psychology. 615 0$aSchool psychology. 615 0$aPsychiatry. 615 0$aSocial work. 615 14$aChild and School Psychology. 615 24$aPsychiatry. 615 24$aSocial Work. 676 $a616.8588200835 702 $aMatson$b Johnny L$4edt$4http://id.loc.gov/vocabulary/relators/edt 801 0$bMiAaPQ 801 1$bMiAaPQ 801 2$bMiAaPQ 906 $aBOOK 912 $a9910254683903321 996 $aComorbid Conditions Among Children with Autism Spectrum Disorders$91577542 997 $aUNINA